Avoidance of electrical hazards in construction (Record no. 87098)

MARC details
000 -LEADER
fixed length control field 00517cam a2200193 4500
001 - CONTROL NUMBER
control field D8500
008 - FIXED-LENGTH DATA ELEMENTS--GENERAL INFORMATION
fixed length control field 090401t1983 xxu||||| |||| 00| 0 eng d
035 ## - SYSTEM CONTROL NUMBER
System control number (Sirsi) u13458
041 ## - LANGUAGE CODE
Language code of text/sound track or separate title eng
050 ## - LIBRARY OF CONGRESS CALL NUMBER
Classification number 690.22
100 ## - MAIN ENTRY--PERSONAL NAME
Personal name Salisbury, A.
245 ## - TITLE STATEMENT
Title Avoidance of electrical hazards in construction
260 ## - PUBLICATION, DISTRIBUTION, ETC.
Place of publication, distribution, etc. Ascot, Berks
Name of publisher, distributor, etc. Chartered Institute of Building
Date of publication, distribution, etc. 1983
300 ## - PHYSICAL DESCRIPTION
Extent 8p. 30cm
350 ## - PRICE (NR) (BK AM CF MU VM SE) [OBSOLETE]
Price 0
490 ## - SERIES STATEMENT
Series statement Technical Information Service
-- Site Management
Volume/sequential designation 30
942 ## - ADDED ENTRY ELEMENTS (KOHA)
Suppress in OPAC 0
948 ## - LOCAL PROCESSING INFORMATION (OCLC); SERIES PART DESIGNATOR (RLIN)
c (OCLC) 04/03/1997
Holdings
Withdrawn status Lost status Source of classification or shelving scheme Damaged status Not for loan Home library Current library Shelving location Date acquired Total Checkouts Full call number Barcode Date last seen Copy number Price effective from Koha item type
    Other/Generic Classification Scheme     London London Enquiry desk 12/11/1992   BOXED SET 30030993 06/08/2019 1 06/08/2019 Book
    Other/Generic Classification Scheme     London London Enquiry desk 12/11/1992   BOXED SET 30030997 06/08/2019 2 06/08/2019 Book